000 00654nam a2200241Ia 4500
005 20260121112544.0
008 6942 260114s9999 xx 000 0 eng d
020 _a9789814273961
037 _aEBOOK
040 _aCRL
_beng
_cCRL
041 _aeng
_2eng
084 _qCRL
100 _aTang Yuan Yan
_9959507
245 0 _aWavelet Theory Approach to Pattern Recognition 2nd Edition
260 _bWorld Scientific
260 _bWSPC
260 _c2009
650 _aComputer Science
_9959508
856 _uhttps://www.worldscientific.com/worldscibooks/10.1142/7324#t=toc
942 _cEBOOK
999 _c1544242
_d1544242